Churchill : (Record no. 127053)

MARC details
000 -LEADER
campo de control de longitud fija 04925cam a2200529 i 4500
001 - NÚMERO DE CONTROL
campo de control 20992037
003 - IDENTIFICADOR DE NÚMERO DE CONTROL
campo de control BJBSDDR
005 - FECHA Y HORA DE LA ÚLTIMA TRANSACCIÓN
campo de control 20260511183923.0
006 - CÓDIGOS DE INFORMACIÓN DE LONGITUD FIJA--CARACTERÍSTICAS DEL MATERIAL ADICIONAL
campo de control de longitud fija a|||||r|||| 00| 0
007 - CAMPO FIJO DE DESCRIPCIÓN FÍSICA--INFORMACIÓN GENERAL
campo de control de longitud fija ta
008 - DATOS DE LONGITUD FIJA--INFORMACIÓN GENERAL
campo de control de longitud fija 190530s20192018nyuab rb 001 0beng
010 ## - NÚMERO DE CONTROL DE LA BIBLIOTECA DEL CONGRESO
Número de control de LC 2019022658
020 ## - NÚMERO INTERNACIONAL ESTÁNDAR DEL LIBRO
Número Internacional Estándar del Libro 9781101981009
Información calificativa (paperback)
020 ## - NÚMERO INTERNACIONAL ESTÁNDAR DEL LIBRO
Número Internacional Estándar del Libro 9781101980996
Información calificativa (hardcover)
020 ## - NÚMERO INTERNACIONAL ESTÁNDAR DEL LIBRO
ISBN cancelado o inválido 9781101981016
Información calificativa (ebook)
035 ## - NÚMERO DE CONTROL DEL SISTEMA
Número de control de sistema 20992037
040 ## - FUENTE DE CATALOGACIÓN
Centro catalogador/agencia de origen DLC
Lengua de catalogación eng
Centro/agencia transcriptor DLC
Normas de descripción rda
Centro/agencia modificador DLC
041 ## - CÓDIGO DE IDIOMA
Código de lengua del texto/banda sonora o título independiente eng
042 ## - CÓDIGO DE AUTENTICACIÓN
Código de autenticación pcc
043 ## - CÓDIGO DE ÁREA GEOGRÁFICA
Código de área geográfica e-uk---
050 00 - SIGNATURA TOPOGRÁFICA DE LA BIBLIOTECA DEL CONGRESO
Número de clasificación DA566.9.C5
Número de ítem R643c 2019
082 00 - NÚMERO DE LA CLASIFICACIÓN DECIMAL DEWEY
Número de clasificación 941.084092
-- B
Número de edición 23
100 1# - ENTRADA PRINCIPAL--NOMBRE DE PERSONA
Nombre de persona Roberts, Andrew,
Fechas asociadas al nombre 1963-
9 (RLIN) 35404
245 10 - MENCIÓN DEL TÍTULO
Título Churchill :
Resto del título walking with destiny /
Mención de responsabilidad, etc. Andrew Roberts.
264 #1 - PRODUCCIÓN, PUBLICACIÓN, DISTRIBUCIÓN, FABRICACIÓN Y COPYRIGHT
Producción, publicación, distribución, fabricación y copyright [New York] :
Nombre del de productor, editor, distribuidor, fabricante Penguin Books,
Fecha de producción, publicación, distribución, fabricación o copyright 2019.
264 #4 - PRODUCCIÓN, PUBLICACIÓN, DISTRIBUCIÓN, FABRICACIÓN Y COPYRIGHT
Fecha de producción, publicación, distribución, fabricación o copyright ©2018
300 ## - DESCRIPCIÓN FÍSICA
Extensión xix, 1105 pages :
Otras características físicas illustrations, maps ;
Dimensiones 23 cm
336 ## - TIPO DE CONTENIDO
Término de tipo de contenido text
Código de tipo de contenido txt
Fuente rdacontent
337 ## - TIPO DE MEDIO
Nombre/término del tipo de medio unmediated
Código del tipo de medio n
Fuente rdamedia
338 ## - TIPO DE SOPORTE
Nombre/término del tipo de soporte volume
Código del tipo de soporte nc
Fuente rdacarrier
504 ## - NOTA DE BIBLIOGRAFÍA, ETC.
Nota de bibliografía, etc. Includes bibliographical references and index.
505 ## - NOTA DE CONTENIDO CON FORMATO
Nota de contenido con formato Contenidos : <br/>Part I. The preparation: A famous name : November 1874-January 1895<br/>Ambition under fire : January 1895-July 1898<br/>From Omdurman to Oldham via Pretoria : August 1898-October 1900<br/>Crossing the floor : October 1900-December 1905<br/>Liberal imperialist : January 1906-April 1908<br/>Love and liberalism : April 1908-February 1910<br/>Home Secretary : February 1910-September 1911<br/>First Lord of the Admiralty : October 1911-August 1914<br/>'This glorious, delicious war' : August 1914-March 1915<br/>Gallipoli : March-November 1915<br/>Plug Street to victory : November 1915- November 1918<br/>Coalition politics : November 1918-November 1922<br/>Redemption : November 1922-May 1926<br/>Crash : June 1926-January 1931<br/>Into the wilderness : January 1931-October 1933<br/>Sounding the alarm : October 1933-March 1936<br/>Apotheosis of appeasement : March 1936-October 1938<br/>Vindication : October 1938-September 1939<br/>'Winston is back' : September 1939-May 1940<br/>Seizing the premiership : May 1940<br/>Part II. The trial: The fall of France : May-June 1940 ; The Battle of Britain : June-September 1940<br/>The Blitz : September 1940-January 1941<br/>'Keep buggering on' : January-June 1941<br/>'Being met together' : June 1941-January 1942<br/>Disaster : January-June 1942<br/>Desert victory : June-November 1942<br/>'One continent redeemed' : November 1942-September 1943<br/>The hard underbelly : September 1943-June 1944<br/>Liberation : June 1944-January 1945<br/>Victory and defeat : January-July 1945<br/>Opposition : August 1945-October 1951<br/>Indian summer : October 1951-April 1955<br/>'Long sunset' : April 1955-January 1965<br/>Conclusion : 'Walking with destiny
520 ## - RESUMEN, ETC.
Sumario, etc. "In this landmark biography of Winston Churchill based on extensive new material, the true genius of the man, statesman and leader can finally be fully seen and understood--by the bestselling, award-winning author of Napoleon and The Storm of War. When we seek an example of great leaders with unalloyed courage, the person who comes to mind is Winston Churchill: the iconic, visionary war leader immune from the consensus of the day, who stood firmly for his beliefs when everyone doubted him. But how did young Winston become Churchill? What gave him the strength to take on the superior force of Nazi Germany when bombs rained on London and so many others had caved? In Churchill, Andrew Roberts gives readers the full and definitive Winston Churchill, from birth to lasting legacy, as personally revealing as it is compulsively readable. Roberts gained exclusive access to extensive new material: transcripts of War Cabinet meetings, diaries, letters and unpublished memoirs from Churchill's contemporaries. The Royal Family permitted Roberts--in a first for a Churchill biographer--to read the detailed notes taken by King George VI in his diary after his weekly meetings with Churchill during World War II. This treasure trove of access allows Roberts to understand the man in revelatory new ways, and to identify the hidden forces fueling Churchill's legendary drive"--
Fuente proveedora Provided by publisher.
600 10 - PUNTO DE ACCESO ADICIONAL DE MATERIA--NOMBRE DE PERSONA
Nombre de persona Churchill, Winston,
Fechas asociadas al nombre 1874-1965.
600 10 - PUNTO DE ACCESO ADICIONAL DE MATERIA--NOMBRE DE PERSONA
Nombre de persona Churchill, Winston,
Fechas asociadas al nombre 1874-1965
Subdivisión general Military leadership.
650 #0 - PUNTO DE ACCESO ADICIONAL DE MATERIA--TÉRMINO DE MATERIA
Término de materia o nombre geográfico como elemento de entrada Statesmen
Subdivisión geográfica Great Britain
Subdivisión de forma Biography.
650 #0 - PUNTO DE ACCESO ADICIONAL DE MATERIA--TÉRMINO DE MATERIA
Término de materia o nombre geográfico como elemento de entrada Prime ministers
Subdivisión geográfica Great Britain
Subdivisión de forma Biography.
651 #0 - PUNTO DE ACCESO ADICIONAL DE MATERIA--NOMBRE GEOGRÁFICO
Nombre geográfico Great Britain
Subdivisión general Politics and government
Subdivisión cronológica 20th century.
651 #0 - PUNTO DE ACCESO ADICIONAL DE MATERIA--NOMBRE GEOGRÁFICO
Nombre geográfico Great Britain
Subdivisión general Foreign relations
Subdivisión cronológica 1936-1945.
655 #7 - TERMINO DE INDIZACIÓN--GENERO/FORMA
Datos o término principal de género/forma Biographies.
Fuente del término lcgft
Número de control del registro de autoridad o número normalizado https://id.loc.gov/authorities/genreForms/gf2014026049
776 08 - ENTRADA DE FORMULARIO FÍSICO ADICIONAL
Información de relación Online version:
Encabezamiento principal Roberts, Andrew,
Título Churchill
Lugar, editor y fecha de publicación [New York] : Penguin Books, 2019
Número Internacional Estándar del Libro 9781101981016
Número de control del registro (DLC) 2019022659
906 ## - ELEMENTOS DE DATOS F LOCAL, LDF (RLIN)
a 7
b cbc
c orignew
d 1
e ecip
f 20
g y-gencatlg
942 ## - ELEMENTOS DE ENTRADA SECUNDARIOS (KOHA)
Fuente del sistema de clasificación o colocación Clasificación de Library of Congress
Suprimir en OPAC No
Tipo de ítem Koha Libro
946 ## - PROCESAMIENTO DE INFORMACIÓN LOCAL (OCLC)
Iniciales del agente catalogador llh
Holdings
Estatus retirado Estado de pérdida Fuente del sistema de clasificación o colocación Estado de daño No para préstamo Colección Biblioteca de origen Biblioteca actual Ubicación en estantería Fecha de adquisición Signatura topográfica completa Código de barras Visto por última vez Copia número Tipo de ítem Koha
    Clasificación de Library of Congress     Automatización y Procesos Técnicos Biblioteca Juan Bosch Biblioteca Juan Bosch Automatización y Procesos Técnicos (1er. Piso) 11/05/2026 DA566.9.C5 R643c 2019 00000200084 11/05/2026 1 Libro